000 00495nab a2200145Ia 4500
003 ES-SlBCS
005 20210907011009.0
008 140529s2005 xxu||||| |||| 00| 0 fre d
041 _afre
100 1 _aFrançois, Arnaud
_9174930
245 0 0 _aMatière et esprit selon Bergson
_c Arnaud François
600 1 0 _aBergson, Henri
_d1859-1941
_994688
773 0 _tL'enseignement Philosophique (Antes: Revue de L´enseignement Philosophique
_gvol. 55, nº. 4, 2005, págs. 28-37
_wRev870
942 _cAR
999 _c548870
_d548870